| 000 | 01589nam0a2200373 i 4500 | ||
|---|---|---|---|
| 001 | RU\NLR\BIBL_A\010881179 | ||
| 005 | 20260406115109.0 | ||
| 010 |
_a9785990307551 _9300 |
||
| 021 |
_aRU _b2015-78963 _94781 |
||
| 035 | _a(NILC)RuMoRGB-008041649 | ||
| 035 | _a(NLR Aleph) 010881179 | ||
| 090 |
_a10505318 _c10505318 |
||
| 100 | _a20151105d2015 um y0rusy50 ca | ||
| 101 | 0 | _arus | |
| 102 | _aRU | ||
| 105 | _ay|||||||||||| | ||
| 200 | 1 |
_aБлагодатные заветы Лермонтова поисковому россиеведению _e[искание П.И. Симуша] _fП. И. Симуш |
|
| 210 |
_aМосква _cАСМО-синтез _d2015 |
||
| 215 |
_a219 с. _d21 |
||
| 225 | 1 | _a"Созвездие гениев" России | |
| 300 | _aНа обороте тит. л. в аннот. авт.: П.И. Симуш, д.филос.н., проф., акад. | ||
| 600 | 1 |
_aЛермонтов _bМ.Ю. _f1814 - 1841 _gМихаил Юрьевич _xи философия _92116924 _3RU\NLR\AUTH\661582307 |
|
| 675 | _a821.161.1.0 | ||
| 686 | 2 | _aШ5(2=Р)51-4Лермонтов33 | |
| 686 | 1 | _aЮ802.452 | |
| 700 | 1 |
_aСимуш _bП. И. _f1925- _gПетр Иосифович |
|
| 702 | 1 |
_4570 _8rus _7ca _aЛермонтов _bМ. Ю. _cпоэт _f1814-1841 _gМихаил Юрьевич _3RU\NLR\auth\77328 _9110383 |
|
| 801 | 0 |
_aRU _bРГБ _c20151012 _gRCR |
|
| 801 | 1 |
_aRU _bРГБ _c20151012 _2rusmarc |
|
| 942 | _cBOOK | ||
| 980 | _aNBR | ||